Technical assessment of the joint CISRO/Bureau of Meteorology proposal for a geostationary image/sounder over the Australian region /

Bibliographic Details
Main Author: O'Brien, D. M.
Corporate Authors: Australia. Bureau of Meteorology, Commonwealth Scientific and Industrial Research Organization (Australia). Division of Atmospheric Research
Other Authors: Mitchell, R. M.
Format: Book
Language:English
Published: Melbourne : Commonwealth Scientific and Industrial Research Organization, Australia, Division of Atmospheric Research, 1987.
Series:CSIRO Atmospheric Research technical paper ; no. 15.
Subjects:

MARC

Tag First Indicator Second Indicator Subfields
LEADER 00000cam a2200000Ia 4500
001 in00002008366
005 20151031123250.0
008 880111s1987 at a b f000 0 eng d
020 |a 0643042857 
035 |a (OCoLC)ocm17330392 
040 |a SCA  |c SCA  |d OCL  |d AUT  |d OCLCQ  |d TXA  |d UtOrBLW 
043 |a u-at--- 
049 |a TXAM 
082 0 |a 621.36/78  |2 19 
090 |a TL798.M8  |b O13 1987 
100 1 |a O'Brien, D. M. 
245 1 0 |a Technical assessment of the joint CISRO/Bureau of Meteorology proposal for a geostationary image/sounder over the Australian region /  |c D.M. O'Brien, R.M. Mitchell. 
264 1 |a Melbourne :  |b Commonwealth Scientific and Industrial Research Organization, Australia, Division of Atmospheric Research,  |c 1987. 
300 |a 53 pages :  |b illustrations ;  |c 26 cm. 
336 |a text  |b txt  |2 rdacontent 
337 |a unmediated  |b n  |2 rdamedia 
338 |a volume  |b nc  |2 rdacarrier 
490 1 |a Division of Atmospheric Research technical paper ;  |v no. 15 
504 |a Includes bibliographical references (page 49). 
650 0 |a Remote sensing  |x Equipment and supplies. 
650 0 |a Meteorological satellites. 
650 0 |a Geostationary satellites. 
700 1 |a Mitchell, R. M. 
710 1 |a Australia.  |b Bureau of Meteorology. 
710 2 |a Commonwealth Scientific and Industrial Research Organization (Australia).  |b Division of Atmospheric Research. 
830 0 |a CSIRO Atmospheric Research technical paper ;  |v no. 15. 
948 |a cataloged  |b h  |c 2004/10/14  |d c  |e jgreene  |f 2:57:13 pm 
994 |a E0  |b TXA 
999 |a MARS 
999 f f |s 9651521a-bdfc-3ef3-bcfc-ca1f35b90cdf  |i be498296-5894-32be-9b99-9172146e95e3  |t 0 
952 f f |p ric  |a Texas A&M University  |b Rellis Campus  |c Joint Library Facility  |d Remote Storage  |t 0  |e TL798.M8 O13 1987  |h Library of Congress classification  |i unmediated -- volume  |m A14831387157 
998 f f |a TL798.M8 O13 1987  |t 0  |l Remote Storage